00388nam a2200133Ia 4500008004100000020001500041041001200056082001600068100001500084245009700099260003400196300000800230650001600238221030s9999 xx 000 0 und d a8175152761 aEnglish a105.23bJai aS. Jaiswal 0aGATE : Graduate Aptitude Test in engineering : Computer Science & Engineeringcby S. Jaiswal bGalgotia PubaNew Delhic2003 a881 aBE Computer